Some like it hot : (Registro nro. 7485)
[ vista simple ]
| 000 -LEADER | |
|---|---|
| fixed length control field | 00989nam a22002537a 4500 |
| 003 - CONTROL NUMBER IDENTIFIER | |
| control field | OSt |
| 005 - DATE AND TIME OF LATEST TRANSACTION | |
| control field | 20210308111242.0 |
| 008 - FIXED-LENGTH DATA ELEMENTS--GENERAL INFORMATION | |
| fixed length control field | 210308t2005 eu ao||er|||| 00| 0 eng d |
| 020 ## - INTERNATIONAL STANDARD BOOK NUMBER | |
| International Standard Book Number | 0811844048 |
| 040 ## - CATALOGING SOURCE | |
| Original cataloging agency | CO-JMCR |
| Transcribing agency | CO-JMCR |
| 041 0# - LANGUAGE CODE | |
| Language code of text/sound track or separate title | eng |
| 082 04 - DEWEY DECIMAL CLASSIFICATION NUMBER | |
| Classification number | 641.874 / |
| Item number | B972s |
| Edition number | 23 |
| 100 1# - MAIN ENTRY--PERSONAL NAME | |
| Personal name | Burrows, Holly, |
| Relator term | autor |
| 9 (RLIN) | 14518 |
| 245 10 - TITLE STATEMENT | |
| Title | Some like it hot : |
| Remainder of title | 50 drinks to warm your spirits / |
| Statement of responsibility, etc. | Holly Burrows, Katie Walter ; fotographs by Maren Caruso |
| 260 ## - PUBLICATION, DISTRIBUTION, ETC. | |
| Place of publication, distribution, etc. | San Francisco : |
| Name of publisher, distributor, etc. | Chronicle Books, |
| Date of publication, distribution, etc. | ©2005 |
| 300 ## - PHYSICAL DESCRIPTION | |
| Extent | 107 páginas : |
| Other physical details | ilustraciones y fotografías a color ; |
| Dimensions | 21 cm. |
| 505 0# - FORMATTED CONTENTS NOTE | |
| Formatted contents note | Hot Cocktail Hour -- Harvest Hotties and Fall Flings -- Classic holiday drinks -- Festive after-dinner drinks -- Cozy cups |
| 650 14 - SUBJECT ADDED ENTRY--TOPICAL TERM | |
| Topical term or geographic name entry element | Bebidas |
| General subdivision | preparación |
| 9 (RLIN) | 14519 |
| 650 14 - SUBJECT ADDED ENTRY--TOPICAL TERM | |
| Topical term or geographic name entry element | Cócteles |
| General subdivision | recetas |
| 9 (RLIN) | 14520 |
| 650 14 - SUBJECT ADDED ENTRY--TOPICAL TERM | |
| Topical term or geographic name entry element | Bebidas calientes |
| General subdivision | recetas |
| 9 (RLIN) | 14521 |
| 700 1# - ADDED ENTRY--PERSONAL NAME | |
| Personal name | Walter, Katie, |
| Relator term | autora |
| 9 (RLIN) | 14522 |
| 700 1# - ADDED ENTRY--PERSONAL NAME | |
| Personal name | Caruso, Maren, |
| Relator term | fotógrafa |
| 9 (RLIN) | 14523 |
| 942 ## - ADDED ENTRY ELEMENTS (KOHA) | |
| Source of classification or shelving scheme | Dewey Decimal Classification |
| Koha item type | Books |
| Withdrawn status | Lost status | Source of classification or shelving scheme | Damaged status | Not for loan | Collection code | Home library | Current library | Date acquired | Source of acquisition | Total Checkouts | Full call number | Barcode | Date last seen | Date last checked out | Copy number | Price effective from | Koha item type |
|---|---|---|---|---|---|---|---|---|---|---|---|---|---|---|---|---|---|
| Dewey Decimal Classification | Non-fiction | Biblioteca Pública José María del Castillo y Rada | Biblioteca Pública José María del Castillo y Rada | 02/25/2021 | Donación | 1 | 641.874 / B972s | 201810663 | 01/27/2026 | 01/26/2026 | Ej.1 | 03/08/2021 | Books |